El procedimiento de Kreider y Breckenridge en la investigación y separación del potasio y sodio (Record no. 117549)

MARC details
000 -LEADER
campo de control de longitud fija 00638nam a2200157 4500
001 - NÚMERO DE CONTROL
campo de control 117549
003 - IDENTIFICADOR DE NÚMERO DE CONTROL
campo de control ES-MaACL
005 - FECHA Y HORA DE LA ÚLTIMA TRANSACCIÓN
campo de control 20230906190928.0
007 - CAMPO FIJO DE DESCRIPCIÓN FÍSICA--INFORMACIÓN GENERAL
campo de control de longitud fija t|
008 - DATOS DE LONGITUD FIJA--INFORMACIÓN GENERAL
campo de control de longitud fija 070214s1902 sp r ||||1| spa d
100 1# - ENTRADA PRINCIPAL--NOMBRE DE PERSONA
Nombre de persona Peralta y Lerín, Antonio de.
9 (RLIN) 90391
245 13 - MENCIÓN DEL TÍTULO
Título El procedimiento de Kreider y Breckenridge en la investigación y separación del potasio y sodio
Resto del título : tesis doctoral en la Facultad de Ciencias, sección Físico-Químicas /
Mención de responsabilidad, etc. Antonio de Peralta y Lerín.
260 ## - PUBLICACIÓN, DISTRIBUCIÓN, ETC.
Lugar de publicación, distribución, etc. Madrid :
Nombre del editor, distribuidor, etc. [s.n.],
Fecha de publicación, distribución, etc. 1902 (
Fabricante Establecimiento Tipográfico de Hijos de J.A. García)
300 ## - DESCRIPCIÓN FÍSICA
Extensión 32 p. ;
Dimensiones 23 cm.
852 ## - LOCALIZACIÓN
Ubicación ES-MaACL
Número de control de estantería T-1018-F-5
Holdings
Estatus retirado Estado de pérdida Estado de daño No para préstamo Colección Biblioteca de origen Biblioteca actual Ubicación en estantería Fecha de adquisición Fuente de adquisición Total de préstamos Signatura topográfica completa Código de barras Visto por última vez Precio de reemplazo Tipo de ítem Koha
        Colección de folletos Biblioteca del Ateneo de Madrid Biblioteca del Ateneo de Madrid Depósito folletos 17/01/2008     T-1018-F-5 1122554 23/02/2023 23/02/2023 Folleto